[Event "DEM U12/U12w 2004"]
[Site "Willingen GER"]
[Date "2004.05.30"]
[Round "1"]
[White "Prosch, Julia"]
[Black "Jussupow, Alexander"]
[Result "0-1"]
[Termination "normal"]
[Board "17"]
[WhiteElo "1300"]
[BlackElo "1715"]
[PlyCount "30"]
[BlackFideId "24613509"]
[EventCountry "GER"]
[EventRounds "11"]
[EventType "swiss"]
[EventDate "2004.05.29"]

1. e4 e5 2. Nf3 Nf6 3. Nc3 Bb4 4. Bb5 a6 5. Bc4 O-O 6. d3 d6 7. Bd2 Nc6 8. h3
h6 9. O-O Be6 10. Bd5 Bxc3 11. Bxc6 Bxd2 12. Qxd2 bxc6 13. Qc3 Qd7 14. Rad1 Nh5
15. Qd2 Nf4 0-1

[Event "DEM U12/U12w 2004"]
[Site "Willingen GER"]
[Date "2004.05.30"]
[Round "1"]
[White "Schäfer, Alexander"]
[Black "Dalakian, Haroutioun"]
[Result "1-0"]
[Termination "normal"]
[Board "18"]
[WhiteElo "1701"]
[BlackElo "1294"]
[PlyCount "37"]
[WhiteFideId "24615196"]
[BlackFideId "24632058"]
[EventCountry "GER"]
[EventRounds "11"]
[EventType "swiss"]
[EventDate "2004.05.29"]

1. e4 c5 2. Nf3 Nc6 3. d4 cxd4 4. Nxd4 Nf6 5. Nc3 e6 6. Be3 Bb4 7. f3 d5 8. Bb5
Qc7 9. O-O Bxc3 10. bxc3 dxe4 11. fxe4 O-O 12. Rxf6 g6 13. Qf3 Nxd4 14. cxd4 a6
15. Bd3 b5 16. Rb1 Kg7 17. Bf4 Qe7 18. Be5 Kg8 19. Qf4 1-0

[Event "DEM U12/U12w 2004"]
[Site "Willingen GER"]
[Date "2004.05.30"]
[Round "1"]
[White "Stognief, Ole"]
[Black "Schmitt, Philipp"]
[Result "0-1"]
[Termination "normal"]
[Board "19"]
[WhiteElo "1292"]
[BlackElo "1691"]
[PlyCount "162"]
[BlackFideId "24641766"]
[EventCountry "GER"]
[EventRounds "11"]
[EventType "swiss"]
[EventDate "2004.05.29"]

1. e4 e6 2. d4 d5 3. exd5 exd5 4. Nf3 Bd6 5. Bd3 Nc6 6. O-O Bg4 7. Re1+ Nge7 8.
c3 Qd7 9. Be3 O-O-O 10. Nbd2 f6 11. Qc2 h5 12. b4 Nf5 13. a4 Nce7 14. b5 g5 15.
a5 h4 16. a6 b6 17. c4 dxc4 18. Qxc4 Bxf3 19. Nxf3 g4 20. Nd2 g3 21. h3 gxf2+
22. Bxf2 Rhg8 23. Nf3 Bg3 24. Qe6 Qxe6 25. Rxe6 Rd6 26. Rxd6 Nxd6 27. Nxh4 Nd5
28. Bxg3 Rxg3 29. Nf3 Nc3 30. Kh2 Rg8 31. g4 Ncxb5 32. Kg3 Re8 33. Re1 Rxe1 34.
Nxe1 Nxd4 35. Nf3 Nb3 36. h4 Nc5 37. Be2 Kd7 38. h5 Ke7 39. Nh4 Nde4+ 40. Kh2
Ng5 41. Nf5+ Kd7 42. h6 c6 43. Bd1 Nxa6 44. Bc2 Nb4 45. Bb1 Nd5 46. Ng7 Ne7 47.
h7 Nf7 48. Ba2 Nh8 49. Be6+ Kd6 50. Bg8 b5 51. Kg3 c5 52. Kf4 c4 53. Ke4 Kc5
54. Ne6+ Kb4 55. Nd4 a5 56. Kf4 a4 57. Nc2+ Kc3 58. Na3 Kb4 59. Nc2+ Kc5 60. g5
fxg5+ 61. Kxg5 b4 62. Kf6 b3 63. Na3 c3 64. Kg7 c2 65. Kxh8 c1=Q 66. Kg7 Qb2+
67. Kf7 Nf5 68. Nb1 Qg7+ 69. Ke6 Nh6 70. Nd2 Nxg8 71. hxg8=Q Qxg8+ 72. Ke5 Qg5+
73. Ke4 Qxd2 74. Ke5 Qd5+ 75. Kf4 Qe6 76. Kf3 Kd4 77. Kf4 Qf6+ 78. Kg4 Ke3 79.
Kg3 Qg5+ 80. Kh3 Kf2 81. Kh2 Qh4# 0-1

[Event "DEM U12/U12w 2004"]
[Site "Willingen GER"]
[Date "2004.05.30"]
[Round "1"]
[White "Smolkina, Milana"]
[Black "Pfefferkorn, Adrian"]
[Result "1-0"]
[Termination "normal"]
[Board "20"]
[WhiteElo "1678"]
[BlackElo "1285"]
[PlyCount "101"]
[WhiteFideId "24618780"]
[EventCountry "GER"]
[EventRounds "11"]
[EventType "swiss"]
[EventDate "2004.05.29"]

1. e4 c5 2. Nf3 d6 3. d4 cxd4 4. Nxd4 Nf6 5. Nc3 a6 6. Bg5 Nbd7 7. f4 b5 8. Bd3
Bb7 9. Qe2 g6 10. f5 Bg7 11. h4 Ne5 12. Bxf6 Bxf6 13. h5 g5 14. O-O-O Qb6 15.
Qd2 Nc4 16. Bxc4 bxc4 17. Na4 Qc7 18. Rhe1 h6 19. Qb4 O-O 20. Qb6 Rfc8 21. Qxc7
Rxc7 22. Nb6 Rb8 23. Nd5 Bxd5 24. exd5 Rcb7 25. b3 g4 26. Nc6 Rc8 27. Re4 cxb3
28. axb3 Kf8 29. Rxg4 Ra8 30. Rd3 a5 31. Rdg3 Bg5+ 32. Rxg5 hxg5 33. Rxg5 f6
34. Rg4 Kf7 35. h6 Rh8 36. Rg7+ Kf8 37. Rg6 Rb5 38. Nd4 Rxd5 39. Ne6+ Kf7 40.
Rg7+ Ke8 41. Nc7+ Kf8 42. Nxd5 Rxh6 43. Rxe7 Rh1+ 44. Kb2 Rd1 45. c4 Rxd5 46.
cxd5 Kxe7 47. Ka3 Kd7 48. Ka4 Kc7 49. Kxa5 Kb7 50. Kb5 Kc7 51. Ka6 1-0

[Event "DEM U12/U12w 2004"]
[Site "Willingen GER"]
[Date "2004.05.30"]
[Round "1"]
[White "Orhan, Zilan"]
[Black "Spangenberg, Pia"]
[Result "1-0"]
[Termination "normal"]
[Board "22"]
[WhiteElo "1626"]
[BlackElo "1264"]
[PlyCount "77"]
[WhiteFideId "24624640"]
[BlackFideId "4627989"]
[EventCountry "GER"]
[EventRounds "11"]
[EventType "swiss"]
[EventDate "2004.05.29"]

1. e4 e5 2. Nf3 Nf6 3. Nxe5 d6 4. Nf3 Nxe4 5. d4 d5 6. Bd3 Bg4 7. O-O Be7 8.
Re1 Nf6 9. c4 O-O 10. Nc3 Nc6 11. Be3 Re8 12. Kh1 Nb4 13. Be2 Bf5 14. Rc1 b6
15. a3 Nc6 16. b4 Ng4 17. Nxd5 Nxe3 18. Nxe3 Bg6 19. d5 Nb8 20. Nd4 Nd7 21. Bf3
Rc8 22. Nc6 Bxb4 23. Nxd8 Bxe1 24. Qxe1 Rcxd8 25. Qc3 Ne5 26. Ng4 Nxf3 27. Qxf3
Be4 28. Qg3 Bg6 29. Qxc7 Bf5 30. Ne5 Rf8 31. d6 f6 32. Nc6 Rd7 33. Ne7+ Kf7 34.
Qc6 Be6 35. Re1 Rfd8 36. Rxe6 h6 37. Qd5 f5 38. Rg6+ Kf8 39. Qg8# 1-0

[Event "DEM U12/U12w 2004"]
[Site "Willingen GER"]
[Date "2004.05.30"]
[Round "1"]
[White "Wolf, Isaak"]
[Black "Zelbel, Patrick"]
[Result "0-1"]
[Termination "normal"]
[Board "23"]
[WhiteElo "1262"]
[BlackElo "1618"]
[PlyCount "128"]
[BlackFideId "24624322"]
[EventCountry "GER"]
[EventRounds "11"]
[EventType "swiss"]
[EventDate "2004.05.29"]

1. e4 e5 2. Nc3 Nf6 3. f4 d5 4. fxe5 Nxe4 5. d3 Qh4+ 6. g3 Nxg3 7. Nf3 Qh5 8.
Nxd5 Nxh1 9. Nxc7+ Kd8 10. Nxa8 Be7 11. Be3 Bh4+ 12. Ke2 Qg4 13. Qd2 Nc6 14.
Bg5+ Bxg5 15. Qxg5+ Qxg5 16. Nxg5 Nxe5 17. Bg2 Bg4+ 18. Ke3 Kc8 19. Rxh1 f6 20.
Ne4 Kb8 21. Nc5 Bc8 22. Nb6 axb6 23. Na4 Kc7 24. Nc3 Kb8 25. h3 Bd7 26. Rg1 Re8
27. Kf2 Ng6 28. Ne4 Kc7 29. Re1 Nf4 30. Rh1 Bc6 31. Bf3 Ne6 32. c3 Nf4 33. Ke3
Ng6 34. Bg4 Ne5 35. Kd4 Nxd3 36. Bf3 Ne5 37. Bh5 g6 38. Nxf6 Rd8+ 39. Kxe5 Bxh1
40. Bg4 h5 41. Be6 Rd2 42. b4 Re2+ 43. Ne4 Rxe4+ 44. Kf6 Rxe6+ 45. Kxe6 Be4 46.
Ke5 Bb1 47. a3 g5 48. Kd4 g4 49. hxg4 hxg4 50. Ke3 Bf5 51. Kf4 Be6 52. c4 Kc6
53. a4 Bxc4 54. Kxg4 Bb3 55. a5 bxa5 56. bxa5 Kb5 57. Kf3 Kxa5 58. Ke2 b5 59.
Kd3 Kb4 60. Kd2 Ka3 61. Kc3 b4+ 62. Kd2 Kb2 63. Kd3 Bc2+ 64. Kc4 b3 0-1

[Event "DEM U12/U12w 2004"]
[Site "Willingen GER"]
[Date "2004.05.30"]
[Round "1"]
[White "Raykhman, Alexsander"]
[Black "Bochis, Julia"]
[Result "1/2-1/2"]
[Termination "normal"]
[Board "24"]
[WhiteElo "1609"]
[BlackElo "1261"]
[PlyCount "299"]
[BlackFideId "24647276"]
[EventCountry "GER"]
[EventRounds "11"]
[EventType "swiss"]
[EventDate "2004.05.29"]

1. d4 d5 2. c4 e6 3. Nc3 Nf6 4. cxd5 exd5 5. Bg5 Be7 6. e3 c6 7. Qc2 O-O 8. Bd3
h6 9. Bh4 Be6 10. Nge2 Bd6 11. O-O Bxh2+ 12. Kh1 Bd6 13. Rab1 a5 14. Bf5 Bxf5
15. Qxf5 Qd7 16. Qf3 Qg4 17. Bxf6 Qxf3 18. gxf3 gxf6 19. Ng3 Bxg3 20. fxg3 Re8
21. Rbe1 f5 22. Kg2 Nd7 23. Rh1 Kg7 24. Kf2 Nf6 25. Na4 Nd7 26. Rh5 Kg6 27.
Reh1 Rh8 28. Ke2 Rab8 29. Kd3 b5 30. Nc3 Nf6 31. R5h2 Rbe8 32. Ne2 Re7 33. a3
b4 34. a4 Ree8 35. b3 Re7 36. Nf4+ Kg7 37. Nh5+ Nxh5 38. Rxh5 Kg6 39. R5h2 Re6
40. Rc1 Rhe8 41. Re2 Kg5 42. Rc5 Ra8 43. Rec2 Ra6 44. Ke2 Kg6 45. Kf2 Kg5 46.
Ke2 Kg6 47. Kd3 Kf6 48. Rh2 Kg7 49. Rh4 Kg6 50. f4 h5 51. Rc1 Ra8 52. Rch1 Rh8
53. Kd2 Rh7 54. Ke2 Re4 55. Rc1 Re6 56. Rc5 Rh8 57. Rh3 Ra8 58. Kf2 Ra6 59. Rh1
Rd6 60. Kf3 Re6 61. Rc2 Ra8 62. Rh4 Rh8 63. Rch2 Rd6 64. Rg2 Rh7 65. Rh1 Re6
66. Rhg1 Rd6 67. Rc1 Rh8 68. Rc5 Ra8 69. Rh2 Re6 70. Rhc2 Ra6 71. Rc1 Rd6 72.
Kf2 Re6 73. Rh1 Rd6 74. Rcc1 Ra8 75. Rcg1 Re6 76. Rh2 Rae8 77. Re1 Re4 78. Re2
R4e6 79. Kf3 Re4 80. Rh1 R4e6 81. Rhe1 Re4 82. Kf2 R4e6 83. Rc1 Ra8 84. Kf3 Ra6
85. Rec2 Rd6 86. Rc5 Re6 87. R1c2 Rd6 88. Ke2 Re6 89. Kd3 Rd6 90. Rg2 Re6 91.
Rc1 Ra8 92. Rh1 Rae8 93. Re2 Rh8 94. Rg2 Rhe8 95. Re1 Rh8 96. Rf1 Rhe8 97. Rf3
Re4 98. Rg1 R4e6 99. Rh1 Rh8 100. Rh4 Rhe8 101. Rh2 Re4 102. Rc2 R4e6 103. Kd2
Ra8 104. Rf1 Rae8 105. Re1 Ra8 106. Rec1 Ra6 107. Ke2 Rd6 108. Kf3 Re6 109. Rd2
Rd6 110. Rh2 Ra8 111. Kf2 Re6 112. Re1 Rae8 113. Kf3 Re4 114. Ree2 R4e6 115.
Rh1 Rd6 116. Rc2 Ra8 117. Rc5 Ra6 118. Ke2 Re6 119. Kd3 Ra8 120. Rcc1 Ra6 121.
Rc2 Rd6 122. Rg2 Ra8 123. Rf1 Re8 124. Rc2 Rde6 125. Rf3 Ra8 126. Re2 Rb8 127.
Rff2 Rbe8 128. Rf3 Rb8 129. Kd2 Rc8 130. Rff2 Rce8 131. Re1 Rd8 132. Rg1 Rde8
133. Rc1 Ra8 134. Rc2 Ra6 135. Kd3 Ra8 136. Rc5 Rd6 137. Rfc2 Ra6 138. Rc1 Re6
139. R1c2 Rd6 140. Ke2 Re6 141. Kf3 Rd6 142. Rg2 Ra8 143. Rgc2 Ra6 144. Kf2 Re6
145. Rc1 Rd6 146. Kg2 Re6 147. Re1 Rd6 148. Kh3 Rd8 149. Kh4 Rd6 150. Kh3
1/2-1/2

[Event "DEM U12/U12w 2004"]
[Site "Willingen GER"]
[Date "2004.05.30"]
[Round "1"]
[White "Becher, Anne"]
[Black "Gadschisade, Machmud"]
[Result "0-1"]
[Termination "normal"]
[Board "25"]
[WhiteElo "1259"]
[BlackElo "1605"]
[PlyCount "108"]
[BlackFideId "4647734"]
[EventCountry "GER"]
[EventRounds "11"]
[EventType "swiss"]
[EventDate "2004.05.29"]

1. c4 Nf6 2. Nc3 g6 3. g3 Bg7 4. Bg2 O-O 5. e3 c6 6. Nge2 d5 7. cxd5 cxd5 8. d4
Nc6 9. Nf4 e6 10. Rb1 Qe7 11. O-O Bd7 12. a3 Rfc8 13. b4 Ne8 14. Re1 Nd6 15.
Bf1 Nxb4 16. Rxb4 Rxc3 17. Qd2 Rc7 18. Bd3 Rac8 19. Qb2 Qd8 20. Bd2 Bf8 21. Rb3
Ba4 22. Rc3 Rxc3 23. Bxc3 Qd7 24. Rc1 Nb5 25. Bxb5 Qxb5 26. Qxb5 Bxb5 27. Bb2
Bc4 28. Nd3 Rc6 29. Nb4 Rb6 30. Bc3 Bb3 31. Rb1 Bc4 32. Rb2 Rb5 33. Nd3 Bxa3
34. Rxb5 Bxb5 35. Ne5 Kf8 36. Kg2 Ke7 37. f4 Ba4 38. Kf2 b5 39. Nd3 Bc2 40. Nb4
Ba4 41. Ke2 Kd6 42. Na6 Bb3 43. Kd3 Bc4+ 44. Kc2 Kc6 45. Nb4+ Kb6 46. Nd3 Bxd3+
47. Kxd3 a5 48. Kc2 Bd6 49. Kb3 b4 50. Ba1 Kb5 51. h4 a4+ 52. Kb2 Kc4 53. Kc2
b3+ 54. Kb1 a3 0-1

[Event "DEM U12/U12w 2004"]
[Site "Willingen GER"]
[Date "2004.05.30"]
[Round "1"]
[White "Kaphle, Stephan"]
[Black "Wisheckel, Lena"]
[Result "1-0"]
[Termination "normal"]
[Board "26"]
[WhiteElo "1597"]
[BlackElo "1259"]
[PlyCount "169"]
[WhiteFideId "24629103"]
[BlackFideId "24691992"]
[EventCountry "GER"]
[EventRounds "11"]
[EventType "swiss"]
[EventDate "2004.05.29"]

1. e4 e5 2. Nf3 Nf6 3. Nxe5 Qe7 4. Nf3 Nxe4 5. Be2 d6 6. O-O g6 7. Re1 Be6 8.
d3 Nf6 9. Nc3 Bg7 10. Bf4 O-O 11. Qd2 Re8 12. Ng5 Qd7 13. Nxe6 Rxe6 14. Bf3
Rxe1+ 15. Rxe1 Nc6 16. Kf1 Nd4 17. Bd1 b6 18. Ne4 Nf5 19. Nxf6+ Bxf6 20. c3 c5
21. Bf3 Rc8 22. Bg4 Ng3+ 23. Bxg3 Qxg4 24. Bxd6 Rd8 25. Bf4 c4 26. d4 b5 27. f3
Qd7 28. Kf2 Qc8 29. Qe3 b4 30. Re2 a5 31. Qc1 a4 32. a3 b3 33. Qe3 Bh4+ 34. g3
Bf6 35. Be5 Re8 36. f4 Bg7 37. Qf3 Qh3 38. Kg1 Qf5 39. Kg2 Qe6 40. Kf2 Qh3 41.
Kg1 Qe6 42. Rf2 f6 43. Bc7 Qe1+ 44. Kg2 Bf8 45. Ba5 Qe4 46. Qxe4 Rxe4 47. Rd2
Re1 48. d5 Rc1 49. Kf3 Rc2 50. Ke2 Rxd2+ 51. Kxd2 Bc5 52. h3 Kf7 53. Bb4 Bf2
54. g4 h6 55. Ke2 Bg1 56. Kf3 f5 57. Bd6 h5 58. gxf5 gxf5 59. Ke2 h4 60. Kd2
Ke8 61. Be5 Kd7 62. Bf6 Bf2 63. Be5 Ke7 64. Ke2 Bg3 65. Ke3 Be1 66. Kd4 Bd2 67.
Kxc4 Bc1 68. Kb4 Bxb2 69. Kxa4 Bc1 70. Kxb3 Kd7 71. c4 Be3 72. Kb4 Kc8 73. c5
Kb7 74. c6+ Kc8 75. d6 Bb6 76. d7+ Kd8 77. Bf6+ Kc7 78. d8=Q+ Kxc6 79. Qc8+ Kd6
80. Be5+ Kd5 81. Qd7+ Ke4 82. Qc6+ Ke3 83. Kc3 Ba5+ 84. Kc2 Kf2 85. Kd1 1-0

[Event "DEM U12/U12w 2004"]
[Site "Willingen GER"]
[Date "2004.05.30"]
[Round "1"]
[White "Wild, Katharina"]
[Black "Belger, Christian"]
[Result "0-1"]
[Termination "normal"]
[Board "27"]
[WhiteElo "1249"]
[BlackElo "1581"]
[PlyCount "68"]
[WhiteFideId "24678015"]
[BlackFideId "24622940"]
[EventCountry "GER"]
[EventRounds "11"]
[EventType "swiss"]
[EventDate "2004.05.29"]

1. c4 Nf6 2. Nc3 g6 3. Nf3 Bg7 4. g3 d6 5. Bg2 O-O 6. O-O e5 7. d3 Nfd7 8. Bd2
f5 9. b4 Nc6 10. a3 Kh8 11. Qb3 h6 12. b5 Nc5 13. Qc2 Ne7 14. e3 Ne6 15. Rfd1
g5 16. Ne2 Ng6 17. Bc3 Qe7 18. Qb2 h5 19. d4 e4 20. Ne1 g4 21. d5 Ng5 22. Bxg7+
Qxg7 23. Qxg7+ Kxg7 24. Nd4 b6 25. Nec2 Bd7 26. Nc6 Bxc6 27. dxc6 Ne5 28. Bf1
Ngf3+ 29. Kh1 h4 30. Nd4 Kf6 31. h3 hxg3 32. hxg4 Rh8+ 33. Kg2 Rag8 34. Be2
Rh2+ 0-1

[Event "DEM U12/U12w 2004"]
[Site "Willingen GER"]
[Date "2004.05.30"]
[Round "1"]
[White "Doberitz, Paul"]
[Black "Voss, Chantal"]
[Result "1-0"]
[Termination "normal"]
[Board "28"]
[WhiteElo "1576"]
[BlackElo "1247"]
[PlyCount "31"]
[WhiteFideId "24646130"]
[BlackFideId "4664906"]
[EventCountry "GER"]
[EventRounds "11"]
[EventType "swiss"]
[EventDate "2004.05.29"]

1. e4 e6 2. d4 d5 3. Nc3 Bb4 4. e5 c5 5. a3 Ba5 6. b4 cxd4 7. Nb5 Bc7 8. f4 Nc6
9. Nf3 Nge7 10. Bd3 O-O 11. O-O Bb6 12. Nd6 a6 13. Bxh7+ Kh8 14. Ng5 d3+ 15.
Kh1 dxc2 16. Qh5 1-0

[Event "DEM U12/U12w 2004"]
[Site "Willingen GER"]
[Date "2004.05.30"]
[Round "1"]
[White "Gremmer, Jan"]
[Black "Dorn, Carina"]
[Result "0-1"]
[Termination "normal"]
[Board "29"]
[WhiteElo "1240"]
[BlackElo "1573"]
[PlyCount "42"]
[BlackFideId "24666335"]
[EventCountry "GER"]
[EventRounds "11"]
[EventType "swiss"]
[EventDate "2004.05.29"]

1. e4 e6 2. d4 d5 3. e5 c5 4. c3 Nc6 5. Nf3 cxd4 6. cxd4 Qb6 7. b3 Nge7 8. Bb2
Nf5 9. Be2 Bd7 10. O-O Be7 11. Re1 O-O 12. h3 f6 13. exf6 Bxf6 14. Ne5 Nxe5 15.
dxe5 Bh4 16. Rf1 Ng3 17. Re1 Qxf2+ 18. Kh2 Nxe2 19. Rxe2 Bg3+ 20. Kh1 Qf1+ 21.
Qxf1 Rxf1# 0-1

[Event "DEM U12/U12w 2004"]
[Site "Willingen GER"]
[Date "2004.05.30"]
[Round "1"]
[White "Vollmer, Jürgen"]
[Black "Jebtchouk, Dimitrij"]
[Result "1-0"]
[Termination "normal"]
[Board "30"]
[WhiteElo "1571"]
[BlackElo "1235"]
[PlyCount "115"]
[EventCountry "GER"]
[EventRounds "11"]
[EventType "swiss"]
[EventDate "2004.05.29"]

1. e4 e5 2. Nc3 Nf6 3. f4 Nc6 4. Nf3 d6 5. Bb5 Bg4 6. h3 Bd7 7. d3 Nd4 8. Bxd7+
Qxd7 9. O-O Be7 10. Be3 c5 11. fxe5 Nxf3+ 12. Qxf3 dxe5 13. Nd5 O-O 14. Nxf6+
Bxf6 15. Qg3 Kh8 16. Rac1 b6 17. Rf5 Qe7 18. Bg5 Bxg5 19. Rxg5 g6 20. Qxe5+
Qxe5 21. Rxe5 Rae8 22. Rxe8 Rxe8 23. a3 Kg7 24. Kf2 Kf6 25. b4 cxb4 26. axb4
Rc8 27. c4 Ke5 28. Ke3 f5 29. exf5 gxf5 30. Rf1 Rf8 31. d4+ Kd6 32. g4 Re8+ 33.
Kd3 fxg4 34. hxg4 Re7 35. Rf6+ Re6 36. Rxe6+ Kxe6 37. b5 h6 38. Ke4 Kf6 39. d5
Ke7 40. Ke5 Kd7 41. d6 Kd8 42. Kf6 Kd7 43. Kg6 Kxd6 44. Kxh6 Kc5 45. g5 Kxc4
46. g6 Kxb5 47. g7 Ka5 48. g8=Q b5 49. Qd5 a6 50. Kg5 Ka4 51. Kf4 a5 52. Ke3 b4
53. Kd3 Ka3 54. Qxa5+ Kb2 55. Qxb4+ Kc1 56. Qd2+ Kb1 57. Kc3 Ka1 58. Qb2# 1-0

[Event "DEM U12/U12w 2004"]
[Site "Willingen GER"]
[Date "2004.05.30"]
[Round "1"]
[White "Frey, Alisa"]
[Black "Eibl, Maximilian"]
[Result "0-1"]
[Termination "normal"]
[Board "31"]
[WhiteElo "1233"]
[BlackElo "1548"]
[PlyCount "134"]
[WhiteFideId "24634662"]
[BlackFideId "24620092"]
[EventCountry "GER"]
[EventRounds "11"]
[EventType "swiss"]
[EventDate "2004.05.29"]

1. e4 c5 2. Nf3 d6 3. d4 cxd4 4. Nxd4 Nf6 5. Nc3 e6 6. Be3 Be7 7. Be2 a6 8. O-O
b5 9. Qd3 Bb7 10. f3 Nbd7 11. Rad1 Ne5 12. Qd2 Nc4 13. Bxc4 bxc4 14. Qf2 Nd7
15. Qg3 g6 16. Bh6 Qb6 17. Na4 Qa5 18. b3 cxb3 19. cxb3 Qh5 20. Be3 Rc8 21. Ne2
O-O 22. Nb2 Rc2 23. Rd2 Rxd2 24. Bxd2 Qc5+ 25. Qf2 Qxf2+ 26. Kxf2 Ne5 27. Rc1
Rc8 28. Rxc8+ Bxc8 29. Ke3 Kf8 30. Bc3 f6 31. Nd4 Ke8 32. h3 Kd7 33. f4 Nc6 34.
Nxc6 Kxc6 35. Nd3 Bb7 36. g3 Bd8 37. Bd4 e5 38. fxe5 dxe5 39. Bc3 Bb6+ 40. Kf3
Kd6 41. g4 Ke6 42. h4 f5 43. gxf5+ gxf5 44. Nxe5 Bxe4+ 45. Ke2 f4 46. Ng4 f3+
47. Ke1 Kf5 48. Nf2 Bb1 49. a3 Kf4 50. Nh1 Kg4 51. h5 Kh3 52. Nf2+ Kg2 53. Nd1
Bc2 54. b4 Bxd1 55. Kxd1 f2 56. a4 f1=Q+ 57. Kc2 Qe2+ 58. Kb3 Qd3 59. Kb2 Bd4
60. Bxd4 Qxd4+ 61. Kb3 Qd3+ 62. Kb2 Kf2 63. h6 Ke2 64. a5 Kd2 65. b5 Qc3+ 66.
Ka2 Kc2 67. b6 Qb2# 0-1

[Event "DEM U12/U12w 2004"]
[Site "Willingen GER"]
[Date "2004.05.30"]
[Round "1"]
[White "Dzodziev, Daniel"]
[Black "Aslan, Benjamin"]
[Result "1/2-1/2"]
[Termination "normal"]
[Board "32"]
[WhiteElo "1544"]
[BlackElo "1232"]
[PlyCount "52"]
[BlackFideId "24640298"]
[EventCountry "GER"]
[EventRounds "11"]
[EventType "swiss"]
[EventDate "2004.05.29"]

1. e4 e5 2. Nf3 Nc6 3. Nc3 Nf6 4. Bc4 Nxe4 5. Nxe4 d5 6. Bd3 dxe4 7. Bxe4 Ne7
8. c3 f5 9. Bc2 Nc6 10. d3 Be6 11. Qe2 Qd6 12. d4 e4 13. Ng5 Bd7 14. f3 h6 15.
Nh3 O-O-O 16. Bf4 exf3 17. gxf3 Qf6 18. O-O-O Qh4 19. Qg2 g5 20. Bg3 Qh5 21. f4
Ne7 22. Rhe1 Bc6 23. Qf1 Kb8 24. Re5 Bd7 25. Rde1 Ng6 26. Bd1 g4 1/2-1/2

[Event "DEM U12/U12w 2004"]
[Site "Willingen GER"]
[Date "2004.05.30"]
[Round "1"]
[White "Pantusenko, Valeria"]
[Black "Billing, Alexander"]
[Result "0-1"]
[Termination "normal"]
[Board "33"]
[WhiteElo "1217"]
[BlackElo "1533"]
[PlyCount "80"]
[WhiteFideId "4662920"]
[BlackFideId "24624420"]
[EventCountry "GER"]
[EventRounds "11"]
[EventType "swiss"]
[EventDate "2004.05.29"]

1. e4 e6 2. d4 d5 3. Nc3 Bb4 4. a3 Bxc3+ 5. bxc3 dxe4 6. Qg4 Nf6 7. Qxg7 Rg8 8.
Qh6 Nbd7 9. Bg5 Rg6 10. Qh4 c5 11. Bb5 cxd4 12. Bxd7+ Bxd7 13. Bxf6 Qxf6 14.
Qxf6 Rxf6 15. cxd4 Rc8 16. Rc1 Bc6 17. Ne2 Rg6 18. Ng3 Ke7 19. Ke2 f5 20. Ke3
Rf8 21. Nh5 Rxg2 22. Nf4 Rg7 23. c4 Rd8 24. d5 Bd7 25. dxe6 Bxe6 26. Nxe6 Kxe6
27. Rcd1 Rxd1 28. Rxd1 Rd7 29. Rxd7 Kxd7 30. Kf4 Ke6 31. h4 h6 32. h5 b6 33. a4
a5 34. Ke3 Ke5 35. f4+ Ke6 36. Ke2 Kd6 37. Kd2 Kc5 38. Kc3 e3 39. Kd3 e2 40.
Kxe2 Kxc4 0-1

[Event "DEM U12/U12w 2004"]
[Site "Willingen GER"]
[Date "2004.05.30"]
[Round "1"]
[White "Penne, Bo"]
[Black "Knöchel, Sarah"]
[Result "1-0"]
[Termination "normal"]
[Board "34"]
[WhiteElo "1532"]
[BlackElo "1211"]
[PlyCount "41"]
[WhiteFideId "24642193"]
[EventCountry "GER"]
[EventRounds "11"]
[EventType "swiss"]
[EventDate "2004.05.29"]

1. e4 e5 2. Nf3 Nc6 3. d4 exd4 4. Nxd4 Bc5 5. Be3 Qf6 6. c3 Bb6 7. Be2 Nge7 8.
O-O O-O 9. Qd2 h6 10. Na3 a6 11. Nxc6 Qxc6 12. Bf3 Bxe3 13. Qxe3 Re8 14. Rfe1
Qg6 15. Qc5 c6 16. Nc4 d5 17. exd5 cxd5 18. Rxe7 Rxe7 19. Qxe7 dxc4 20. Be4 Qb6
21. Qe8# 1-0

[Event "DEM U12/U12w 2004"]
[Site "Willingen GER"]
[Date "2004.05.30"]
[Round "1"]
[White "Falke, Cynthia"]
[Black "Hinz, Arne"]
[Result "1-0"]
[Termination "normal"]
[Board "35"]
[WhiteElo "1197"]
[BlackElo "1524"]
[PlyCount "111"]
[WhiteFideId "24600644"]
[BlackFideId "24634875"]
[EventCountry "GER"]
[EventRounds "11"]
[EventType "swiss"]
[EventDate "2004.05.29"]

1. e4 e5 2. Nf3 Nf6 3. Nc3 Nc6 4. Bc4 Bc5 5. a3 d6 6. d3 h6 7. h3 O-O 8. g4
Bxg4 9. hxg4 Nxg4 10. Be3 Bxe3 11. fxe3 Nxe3 12. Qd2 Nxc4 13. dxc4 Qf6 14. Qg2
Qg6 15. Qxg6 fxg6 16. Nd2 Nd4 17. O-O-O a6 18. Nd5 Ne2+ 19. Kb1 Rf7 20. Rde1
Nd4 21. Reg1 g5 22. Ne3 Raf8 23. Nf5 Rf6 24. Nf3 Ne2 25. Rg4 Kf7 26. Rd1 Re6
27. c5 Rd8 28. cxd6 cxd6 29. c4 b6 30. Ka1 Nd4 31. N3xd4 exd4 32. Nxd4 Rf6 33.
Nc6 Rc8 34. e5 dxe5 35. Nxe5+ Kg8 36. Nd7 Re6 37. b4 Re3 38. a4 Re6 39. b5 axb5
40. cxb5 Kh7 41. a5 bxa5 42. b6 Ree8 43. b7 Rb8 44. Nxb8 Rxb8 45. Rb1 Kg6 46.
Rc4 h5 47. Rc8 Rxb7 48. Rxb7 g4 49. Rc6+ Kg5 50. Rxg7+ Kh4 51. Rc3 a4 52. Rc5
g3 53. Rh7 g2 54. Rhxh5+ Kg3 55. Rcg5+ Kf4 56. Rxg2 1-0

[Event "DEM U12/U12w 2004"]
[Site "Willingen GER"]
[Date "2004.05.30"]
[Round "1"]
[White "Dietrich, Stefan"]
[Black "Colpe, Malte"]
[Result "0-1"]
[Termination "normal"]
[Board "37"]
[WhiteElo "1176"]
[BlackElo "1520"]
[PlyCount "54"]
[BlackFideId "24623075"]
[EventCountry "GER"]
[EventRounds "11"]
[EventType "swiss"]
[EventDate "2004.05.29"]

1. e4 e5 2. Nf3 Nc6 3. d4 exd4 4. Bc4 Bc5 5. O-O Nf6 6. e5 d5 7. exd6 O-O 8.
dxc7 Qxc7 9. c3 dxc3 10. Nxc3 Bg4 11. Be2 Rad8 12. Qc2 Nb4 13. Qb3 Be6 14. Bc4
Bxc4 15. Qxc4 Bxf2+ 16. Rxf2 Qxc4 17. Ne5 Qh4 18. g3 Qh5 19. Re2 Nd3 20. g4
Nxg4 21. Nxg4 Qxg4+ 22. Rg2 Qd4+ 23. Kh1 Nf2+ 24. Kg1 Ne4+ 25. Kh1 Nxc3 26.
bxc3 Qd1+ 27. Rg1 Qf3+ 0-1

[Event "DEM U12/U12w 2004"]
[Site "Willingen GER"]
[Date "2004.05.30"]
[Round "1"]
[White "Maier, Maximilian"]
[Black "Schnieber, Jacqueline"]
[Result "1-0"]
[Termination "normal"]
[Board "38"]
[WhiteElo "1510"]
[BlackElo "1140"]
[PlyCount "75"]
[EventCountry "GER"]
[EventRounds "11"]
[EventType "swiss"]
[EventDate "2004.05.29"]

1. d4 d5 2. c4 c6 3. Nf3 Nf6 4. cxd5 cxd5 5. Nc3 Bf5 6. Bf4 e6 7. e3 Be7 8. Qb3
b6 9. Nb5 Na6 10. Qa4 Qd7 11. Qxa6 O-O 12. Ne5 Bb4+ 13. Nc3 Qd6 14. Ng6 Bxc3+
15. bxc3 Qc6 16. Ne7+ Kh8 17. Nxc6 Rac8 18. Bb5 Ne4 19. Rc1 f6 20. h4 e5 21.
dxe5 Nc5 22. Qxa7 Rxc6 23. Bxc6 Nd3+ 24. Ke2 fxe5 25. Bg3 h6 26. Rcd1 e4 27.
Bxd5 Rd8 28. Qf7 Bg4+ 29. f3 exf3+ 30. gxf3 Bc8 31. Rxd3 Ba6 32. c4 b5 33. Rhd1
b4 34. Bb7 Rxd3 35. Rxd3 Bxb7 36. Rd8+ Kh7 37. Qf5+ g6 38. Qf7# 1-0